01398na a2200373 450000100060000000300080000600500170001400800410003103500100007204100080008208200250009011000340011522200250014924500560017424600220023024600320025226000220028430000190030644000530032550001070037861000620048561000850054761000480063265100470068065700290072765700270075665700270078374000320081074000470084274000220088974000670091183000210097804000250099924425MIRAKIL20181226104235.0181017b tu 000 0  a20477 atur a324.23072bC36s 2011 aCumhuriyet Halk Partisi (CHP) aSeçim bildirgeleri aCHP 2011 seçim bildirgesibHerkes için CHPcCHP aHerkes için CHP a2011 CHP seçim bildirgesi aAnkarabCHPc2011 a134 s.c21 sm. aCumhuriyet Halk Partisi yayınlarıpBildirgeler aYapıt adının üstünde yapıt adı: Özgürlüğün ve umudun ülkesi.Herkesin Türkiye'si aCumhuriyet Halk Partisi (CHP)xSeçim bildirgeleri, 2011 aCumhuriyet Halk Partisi (CHP)xSeçim kampanyaları, 2011ySeçim bildirgeleri aCHPxPropaganda ve ideolojileryBildirgeler aTürkiyexSiyaset ve yönetimy2011-2015 aCHP seçim bildirgeleri aCHP seçim bildirgesi a2011 genel seçimleri a2011 CHP seçim bildirgesi aCumhuriyet Halk Partisi seçim bildirgesi aHerkes için CHP aÖzgürlüğün ve umudun ülkesi. Herkesin Türkiye'si aCHP bildirgeleri aMilasbturcTR-AnCHP